Komplexné manažérstvo kvality

Komplexné manažérstvo kvality - Total Quality Management (TQM). TQM - model systému manažérstva kvality. Subsystémy TQM. Implementácia filozofie TQM v organizácii. Modely TQM. Ocenenia kvality pre organizácie. Príspevok je súčasťou puiblikácie "Manažérstvo kvality".

Guardado en:
Detalles Bibliográficos
Autor principal: Mateides, Alexander
Formato: Capítulo de libro
Lenguaje:eslovaco
Materias:
Etiquetas: Agregar Etiqueta
Sin Etiquetas, Sea el primero en etiquetar este registro!

MARC

LEADER 00000naa$a2200000$$$4500
001 0049130
005 20231106072449.4
041 0 |a slo 
044 |a SK 
245 1 0 |a Komplexné manažérstvo kvality  |c Alexander Mateides 
520 |a Komplexné manažérstvo kvality - Total Quality Management (TQM). TQM - model systému manažérstva kvality. Subsystémy TQM. Implementácia filozofie TQM v organizácii. Modely TQM. Ocenenia kvality pre organizácie. Príspevok je súčasťou puiblikácie "Manažérstvo kvality". 
610 2 0 |a kvalita 
610 2 0 |a riadenie kvality 
610 2 0 |a systémy riadenia 
610 2 0 |a TQM 
610 2 0 |a modely riadenia 
610 2 0 |a oceňovanie 
610 2 0 |a podnik 
100 1 |a Mateides, Alexander